00621cam a22002057a 4500003000500000005001700005008004100022010001000063011001000073035001100083040000900094082001600103110006200119245007200181260005500253300000700308500003700315650002400352650003900376CHAP20220329143021.0050822d2000 us a r 00110 eng d a90740 a91712 a102273 cCHAP04a630.72bF562 aFlorida Agricultural Experiment Station. Garnesville, FL.10aAnnual research reportc/by Florida Agricultural Experiment Station aGainessville, FL. :bUniversity of Florida,c2000- av. aLa biblioteca tiene : 2003, 200414aAgriculturaxE.U.A.14aAgriculturaxInvestigacionzE.U.A.